| 000 | 00000nam##2200000za#4500 |
| 001 | 9.696387 |
| 003 | CaOODSP |
| 005 | 20210624235018 |
| 007 | cr ||||||||||| |
| 008 | 150407|2000||||xxc|||||o f|0| 0 eng|d |
| 040 | |aCaOODSP|beng |
| 043 | |an-cn--- |
| 086 | 1 |aMR21-21/2000E-PDF |
| 110 | 1 |aCanada.|bMedical Research Council of Canada. |
| 245 | 12|aA legacy of excellence, 1960-2000 |h[electronic resource] |
| 246 | 1 |aThe Medical Research Council of Canada - a legacy of excellence |
| 260 | |aOttawa - Ontario : |bMedical Research Council of Canada |cc2000. |
| 300 | |a40, 48p.|bcoloured map, graph, table, photographs |
| 500 | |a"40 years, MRC/CRM"--p.1 of 40. The catalogue number (MR21-21/2000E) and ISBN (0-662-28798-3) for the print edition have been incorrectly copied in this electronic publication. |
| 590 | |a12-31-Supp|b2012-07-06 |
| 690 | 07|aMedical research|2gcpds |
| 775 | 08|tUn héritage d'excellence, 1960-2000 |w(CaOODSP)9.640503 |
| 776 | 0#|tA legacy of excellence 1960-2000 |w(CaOODSP)9.647887 |
| 856 | 40|ahttp://publications.gc.ca|qPDF|s1.03 MB|uhttps://publications.gc.ca/collections/Collection/MR21-21-2000-1E.pdf |
| 856 | 40|ahttp://publications.gc.ca|qPDF|s1.19 MB|uhttps://publications.gc.ca/collections/Collection/MR21-21-2000-2E.pdf |